00925nam a2200205 450000500170000000800440001702000180006105000240007910000340010324501030013726000840024030000280032444000580035265000490041065100500045970000380050994200130054799900190056095201400057920211015132826.0210512b sp ||||| |||| 00| 0 spa d a978848489309704aF1419 .N4bA53 20071 aAndrews, George Reid, d1951-10aAfro-Latinoamérica, 1800-2000.c/ George Reid Andrews ; traducción, Óscar de la Torre Cueva. aMadrid, España : aFrankfurt am Main :bIberoamericana ; bVervuert,c2007. a378 p. :bil. ;c23 cm. aTiempo emulado. Historia de América y España ;v2 72lemb aNegros xHistoria zAmérica Latina  72lemb aAmérica Latina xRelaciones raciales1 ade la Torre Cueva, Óscar etr. 2lcccLIB c155733d155731 102lcc4070aINV-033bINV-033cGENERALd2021-05-12f1a ed. kEHoF1419 .N4 A53 2007pIIH000029132r2021-05-12 00:00:00tC:1v1.00yLIB